[Event "Summer Prague Open 2019 - B"]
[Site "Olympik hotel, Sokolovska 138,"]
[Date "2019.08.08"]
[Round "8"]
[White "Skurihin, Roman"]
[Black "Aure, Anders Nilsson"]
[Result "0-1"]
[WhiteElo "1887"]
[BlackElo "1742"]
[PlyCount "54"]
[EventDate "2019.08.02"]

1. e4 c5 2. Nf3 d6 3. d4 cxd4 4. Nxd4 Nf6 5. Nc3 g6 6. Be3 Bg7 7. Qd2 Ng4 8.
Bg5 h6 9. Bh4 Nc6 10. Nb3 Be6 11. Be2 O-O 12. Rd1 a6 13. O-O b5 14. h3 Nge5 15.
a3 Nc4 16. Bxc4 bxc4 17. Nc1 g5 18. Bg3 Qb6 19. Nd5 Qxb2 20. f4 Bxd5 21. Qxd5
Qxa3 22. Kh2 gxf4 23. Qxc6 fxg3+ 24. Kh1 Qc3 25. Rf3 Qxc2 26. Rdf1 Rab8 27.
Rxg3 Rb1 0-1

[Event "Summer Prague Open 2019 - B"]
[Site "Olympik hotel, Sokolovska 138,"]
[Date "2019.08.08"]
[Round "8"]
[White "Svetly, Jiri"]
[Black "Schultz, Bernfried"]
[Result "1-0"]
[WhiteElo "1871"]
[BlackElo "1705"]
[PlyCount "49"]
[EventDate "2019.08.02"]

1. d4 f5 2. c4 Nf6 3. Nc3 d6 4. Bg5 Nbd7 5. e3 e6 6. Bd3 Be7 7. Nf3 O-O 8. b4
a6 9. Qb3 Ng4 10. Bxe7 Qxe7 11. h3 Ngf6 12. O-O-O c5 13. bxc5 dxc5 14. d5 g6
15. e4 fxe4 16. Nxe4 exd5 17. cxd5 b5 18. d6+ Qf7 19. Qxf7+ Rxf7 20. Nfg5 Nxe4
21. Bxe4 Rf5 22. Bxf5 gxf5 23. Rhe1 Bb7 24. Re7 Bc6 25. Nxh7 1-0

[Event "Summer Prague Open 2019 - B"]
[Site "Olympik hotel, Sokolovska 138,"]
[Date "2019.08.08"]
[Round "8"]
[White "Lansky, Petr"]
[Black "Klimek, Petr"]
[Result "0-1"]
[WhiteElo "1695"]
[BlackElo "1852"]
[PlyCount "82"]
[EventDate "2019.08.02"]

1. e4 e5 2. Nc3 Nf6 3. f4 d5 4. fxe5 Nxe4 5. Nf3 c5 6. Bb5+ Bd7 7. Bxd7+ Qxd7
8. O-O Nc6 9. d3 Nxc3 10. bxc3 Be7 11. d4 O-O 12. Qe1 f6 13. Qg3 fxe5 14. dxe5
Qe6 15. Bd2 Rf5 16. Rae1 Raf8 17. Re2 d4 18. Rfe1 Qxa2 19. Bh6 Qf7 20. Re4 Qg6
21. Qxg6 hxg6 22. Bd2 dxc3 23. Bxc3 b5 24. Rg4 b4 25. Rxg6 Na5 26. Bd2 Kh7 27.
Ra6 Nc4 28. Rxa7 Rxf3 29. gxf3 Nxd2 30. Re2 Nxf3+ 31. Kg2 Nd4 32. Re3 Nf5 33.
Rh3+ Kg6 34. Rb7 Bg5 35. Rb6+ Kf7 36. Rf3 Kg8 37. Kh3 Nd4 38. Rg3 Bf4 39. Rd3
Bxe5 40. Rd2 Rf6 41. Rb8+ Bxb8 0-1

[Event "Summer Prague Open 2019 - A"]
[Site "Olympik hotel, Sokolovska 138,"]
[Date "2019.08.09"]
[Round "9"]
[White "Koustav, Chatterjee"]
[Black "Yagupov, Igor"]
[Result "1/2-1/2"]
[WhiteElo "2429"]
[BlackElo "2370"]
[PlyCount "127"]
[EventDate "2019.08.02"]

1. d4 d5 2. c4 c6 3. Nc3 Nf6 4. Nf3 e6 5. e3 Nbd7 6. Qc2 Bd6 7. Bd3 O-O 8. O-O
dxc4 9. Bxc4 b5 10. Be2 Bb7 11. e4 e5 12. dxe5 Nxe5 13. Nh4 b4 14. Nf5 bxc3 15.
Rd1 Ne8 16. Qxc3 Qf6 17. f4 Bc7 18. fxe5 Qxe5 19. Qxe5 Bxe5 20. Be3 Nf6 21. Bc5
Rfe8 22. Bf3 a5 23. Bd6 Re6 24. Rac1 h6 25. Bxe5 Rxe5 26. Nd6 Ra7 27. Nc4 Re8
28. e5 Nd5 29. Nd6 Re7 30. Nxb7 Rexb7 31. Rxc6 Ne7 32. Rd8+ Kh7 33. Be4+ g6 34.
Rf6 Ng8 35. Bxb7 Nxf6 36. Bc6 Ng4 37. e6 Re7 38. Re8 Rxe8 39. Bxe8 fxe6 40. Bd7
Kg7 41. Bxe6 Ne3 42. Kf2 Nd1+ 43. Ke2 Nxb2 44. Bb3 a4 45. Kd2 Kf6 46. Bc2 a3
47. Kc3 g5 48. Kb4 Ke7 49. Kxa3 Nc4+ 50. Kb4 Ne3 51. Bb3 Kd6 52. Kb5 Kc7 53. g3
Nf1 54. Bd5 Nxh2 55. a4 Ng4 56. a5 Ne5 57. g4 Kb8 58. Be6 Ka7 59. Bf5 Nf3 60.
Bd3 Ne5 61. Be2 Kb7 62. Kc5 Ka7 63. Kd6 Nxg4 64. Bxg4 1/2-1/2

[Event "Summer Prague Open 2019 - A"]
[Site "Olympik hotel, Sokolovska 138,"]
[Date "2019.08.09"]
[Round "9"]
[White "Ahn, Hongjin"]
[Black "Plischki, Sebastian"]
[Result "1-0"]
[WhiteElo "2238"]
[BlackElo "2391"]
[PlyCount "73"]
[EventDate "2019.08.02"]

1. c4 c5 2. Nf3 Nc6 3. d4 cxd4 4. Nxd4 g6 5. e4 Nf6 6. Nc3 d6 7. Be2 Nxd4 8.
Qxd4 Bg7 9. Be3 O-O 10. Qd2 a5 11. f3 a4 12. Kf2 Be6 13. Rac1 Nd7 14. Nd5 Nc5
15. Rhd1 Bxd5 16. cxd5 Qb6 17. Rc2 Bh6 18. Bxc5 Qxc5+ 19. Rxc5 Bxd2 20. Rb5 Bg5
21. Rd4 Rfc8 22. a3 Rc2 23. g3 Bf6 24. Rdb4 Rac8 25. f4 Rd2 26. Ke1 Rd4 27.
Rxd4 Bxd4 28. Rxb7 Rc2 29. Rxe7 Bxb2 30. Ra7 Rc3 31. Rxa4 Rxa3 32. Rc4 Kf8 33.
Kd2 Bf6 34. Rc6 Be7 35. e5 dxe5 36. d6 exf4 37. Rc8+ 1-0

[Event "Summer Prague Open 2019 - A"]
[Site "Olympik hotel, Sokolovska 138,"]
[Date "2019.08.09"]
[Round "9"]
[White "Kulhanek, Tomas"]
[Black "Barua, Dibyendu"]
[Result "1/2-1/2"]
[WhiteElo "2342"]
[BlackElo "2379"]
[PlyCount "42"]
[EventDate "2019.08.02"]

1. e4 e6 2. d4 d5 3. e5 c5 4. c3 Nc6 5. Nf3 Bd7 6. Be2 Qb6 7. O-O Nh6 8. Bxh6
gxh6 9. Qd2 Bg7 10. Na3 cxd4 11. cxd4 O-O 12. Nc2 f6 13. exf6 Rxf6 14. b4 a6
15. a4 Rff8 16. Ra3 Be8 17. Re3 Ne7 18. a5 Qd6 19. Bd3 Nc6 20. Rfe1 Bd7 21. Ne5
Nxe5 1/2-1/2

[Event "Summer Prague Open 2019 - A"]
[Site "Olympik hotel, Sokolovska 138,"]
[Date "2019.08.09"]
[Round "9"]
[White "Singh, S. Vikramjit"]
[Black "Sorm, Daniel"]
[Result "0-1"]
[WhiteElo "2185"]
[BlackElo "2282"]
[PlyCount "40"]
[EventDate "2019.08.02"]

1. d4 d5 2. c4 dxc4 3. e4 b5 4. a4 c6 5. axb5 cxb5 6. b3 e5 7. bxc4 Bb4+ 8. Bd2
Qxd4 9. Bxb4 Qxa1 10. cxb5 Qd4 11. Qxd4 exd4 12. Nf3 Bb7 13. Nfd2 Nf6 14. Bd3
Nbd7 15. Ke2 Nb6 16. Rc1 a5 17. bxa6 Bxa6 18. Bxa6 Rxa6 19. Rc6 Rg8 20. g3 Nfd7
{unreadable} 0-1

[Event "Summer Prague Open 2019 - A"]
[Site "Olympik hotel, Sokolovska 138,"]
[Date "2019.08.09"]
[Round "9"]
[White "Toman, Ondrej"]
[Black "Ondersteijn, Niels"]
[Result "1/2-1/2"]
[WhiteElo "2235"]
[BlackElo "2397"]
[PlyCount "52"]
[EventDate "2019.08.02"]

1. d4 Nf6 2. Bf4 g6 3. Nc3 d6 4. e4 c6 5. Qd2 Qa5 6. Nf3 Bg7 7. e5 dxe5 8. Nxe5
Be6 9. Bc4 Nd5 10. Nxd5 Qxd2+ 11. Kxd2 Bxd5 12. Bxd5 cxd5 13. Rhe1 Nd7 14. Re2
Rc8 15. c3 e6 16. Nd3 O-O 17. g4 a5 18. a4 Nb6 19. b3 Nd7 20. Be5 Nxe5 21. Nxe5
Bh6+ 22. Kd3 Rc7 23. Raa2 f6 24. Nf3 Kf7 25. Rac2 Bf4 26. c4 dxc4+ 1/2-1/2

[Event "Summer Prague Open 2019 - A"]
[Site "Olympik hotel, Sokolovska 138,"]
[Date "2019.08.09"]
[Round "9"]
[White "Paulus, Vaclav"]
[Black "Vavra, Pavel"]
[Result "0-1"]
[WhiteElo "1963"]
[BlackElo "2347"]
[PlyCount "52"]
[EventDate "2019.08.02"]

1. e4 e6 2. d4 d5 3. Nd2 Be7 4. Ngf3 Nf6 5. e5 Nfd7 6. c4 O-O 7. cxd5 exd5 8.
Bd3 c5 9. h4 h6 10. g4 cxd4 11. g5 h5 12. g6 Qe8 13. gxf7+ Qxf7 14. Qc2 Nc6 15.
Bh7+ Kh8 16. Bg6 Qf4 17. e6 Nde5 18. Bxh5 Bxe6 19. Kf1 d3 20. Qd1 Qf5 21. Bg6
Nxg6 22. h5 Nh4 23. h6 gxh6 24. Qe1 Qg4 25. Qe3 Qg2+ 26. Ke1 Qxh1+ 0-1

[Event "Summer Prague Open 2019 - A"]
[Site "Olympik hotel, Sokolovska 138,"]
[Date "2019.08.09"]
[Round "9"]
[White "Domogaev, Sergey"]
[Black "Jansen, Bob"]
[Result "1-0"]
[WhiteElo "2336"]
[BlackElo "2148"]
[PlyCount "44"]
[EventDate "2019.08.02"]

1. d4 Nf6 2. c4 c5 3. d5 e6 4. Nc3 exd5 5. cxd5 d6 6. e4 g6 7. f4 Bg7 8. Bb5+
Nfd7 9. Nf3 a6 10. Bd3 b5 11. O-O O-O 12. Kh1 Re8 13. f5 Ne5 14. Bg5 Bf6 15.
fxg6 Bxg5 16. Nxe5 Rxe5 17. gxf7+ Kf8 18. Qh5 Nd7 19. Qxh7 Bb7 20. Qg8+ Ke7 21.
f8=Q+ Qxf8 22. Qh7+ Ke8 1-0

[Event "Summer Prague Open 2019 - A"]
[Site "Olympik hotel, Sokolovska 138,"]
[Date "2019.08.09"]
[Round "9"]
[White "Thakur, Akash"]
[Black "Srinivasa Rao, M."]
[Result "1-0"]
[WhiteElo "2273"]
[BlackElo "2090"]
[PlyCount "109"]
[EventDate "2019.08.02"]

1. e4 e5 2. Nf3 Nf6 3. Nc3 Bb4 4. Nxe5 O-O 5. Nd3 Bxc3 6. dxc3 Nxe4 7. Be2 Re8
8. O-O d6 9. f3 Nf6 10. Bg5 h6 11. Bh4 Nbd7 12. Re1 Nf8 13. Bf1 Bd7 14. Qd2 Ng6
15. Bf2 a5 16. Nf4 Ne5 17. c4 b6 18. Nd5 Nxd5 19. cxd5 Bf5 20. Qc3 Rc8 21. Bd4
f6 22. Ba6 Ra8 23. Bb5 Bd7 24. Bf1 a4 25. f4 Ng6 26. Qg3 Rxe1 27. Rxe1 Bf5 28.
Bb5 Qf8 29. Bc6 Rb8 30. Bxa4 b5 31. Bb3 Re8 32. Re3 Rxe3 33. Qxe3 Qe7 34. Qxe7
Nxe7 35. Ba7 Be4 36. Bb8 Bxd5 37. Bxc7 Bxb3 38. cxb3 Nc8 39. a4 bxa4 40. bxa4
Kf7 41. b4 Ke6 42. b5 Kd5 43. f5 Kc5 44. Kf2 Ne7 45. g4 h5 46. h3 hxg4 47. hxg4
d5 48. Bd8 Nc8 49. Ke3 d4+ 50. Kd3 Kd5 51. Bc7 Kc5 52. b6 Kc6 53. Kxd4 Ne7 54.
a5 g6 55. Bd8 1-0

[Event "Summer Prague Open 2019 - A"]
[Site "Olympik hotel, Sokolovska 138,"]
[Date "2019.08.09"]
[Round "9"]
[White "Brejnik, Gustav"]
[Black "Hjelmas, Lars"]
[Result "1/2-1/2"]
[WhiteElo "2190"]
[BlackElo "2240"]
[PlyCount "68"]
[EventDate "2019.08.02"]

1. d4 Nf6 2. c4 c5 3. d5 b5 4. cxb5 a6 5. bxa6 g6 6. Nc3 Bxa6 7. e4 Bxf1 8.
Kxf1 d6 9. Nf3 Nbd7 10. g3 Bg7 11. Kg2 O-O 12. a4 Qa5 13. Qe2 Rfb8 14. h4 h5
15. Bg5 Rb4 16. Ra3 Qa6 17. Qc2 Qb7 18. Rb1 e6 19. Bxf6 Nxf6 20. dxe6 fxe6 21.
e5 Ng4 22. exd6 Rf8 23. Ne2 Ne5 24. Neg1 c4 25. a5 Nd3 26. Rxd3 cxd3 27. Qxd3
Rb3 28. Qe2 e5 29. Qc4+ Qf7 30. Qe4 Qf5 31. Qd5+ Qf7 32. Qe4 Qf5 33. Qd5+ Qf7
34. Qe4 Qf5 1/2-1/2

[Event "Summer Prague Open 2019 - A"]
[Site "Olympik hotel, Sokolovska 138,"]
[Date "2019.08.09"]
[Round "9"]
[White "Hrdina, Robin"]
[Black "Neuman, Petr"]
[Result "0-1"]
[WhiteElo "2229"]
[BlackElo "2392"]
[PlyCount "94"]
[EventDate "2019.08.02"]

1. e4 d6 2. d4 Nf6 3. Nc3 e5 4. Nf3 Nbd7 5. Bc4 Be7 6. O-O O-O 7. Re1 c6 8. a4
b6 9. h3 a6 10. Bb3 Rb8 11. Qe2 b5 12. axb5 axb5 13. dxe5 dxe5 14. Bg5 h6 15.
Bh4 Qc7 16. g4 g6 17. Bg3 Kg7 18. Kh2 Bb7 19. Rad1 Rbe8 20. Rg1 Bc8 21. Na2 Bd8
22. c3 Nh7 23. Nb4 Nc5 24. Bc2 Ng5 25. Nd4 Bb7 26. h4 Nge6 27. Nf5+ gxf5 28.
gxf5 Kh7 29. fxe6 Nxe6 30. Qh5 Ng7 31. Qg4 Bc8 32. Qxg7+ Kxg7 33. Bxe5+ Kh7 34.
Bxc7 Bxc7+ 35. e5+ Kh8 36. f4 Bb6 37. Rgf1 Rg8 38. Rd6 Be6 39. Rxc6 Rg4 40. Bd1
Rxh4+ 41. Kg2 Rg8+ 42. Kf3 Rh3+ 43. Ke2 Rg2+ 44. Ke1 Re3+ 45. Be2 Rexe2+ 46.
Kd1 Be3 47. Na6 Bb3# 0-1

[Event "Summer Prague Open 2019 - A"]
[Site "Olympik hotel, Sokolovska 138,"]
[Date "2019.08.09"]
[Round "9"]
[White "Jedlicka, Ales"]
[Black "Vokac, Marek"]
[Result "1/2-1/2"]
[WhiteElo "2227"]
[BlackElo "2319"]
[PlyCount "21"]
[EventDate "2019.08.02"]

1. d4 g6 2. e4 Bg7 3. c4 d6 4. Nc3 c5 5. d5 e6 6. Bd3 exd5 7. cxd5 Ne7 8. Nf3
Bg4 9. h3 Bxf3 10. Qxf3 Nd7 11. Qd1 1/2-1/2

[Event "Summer Prague Open 2019 - A"]
[Site "Olympik hotel, Sokolovska 138,"]
[Date "2019.08.09"]
[Round "9"]
[White "Arpita, Mukherjee"]
[Black "Krivanek, Vladimir"]
[Result "1-0"]
[WhiteElo "2290"]
[BlackElo "2178"]
[PlyCount "69"]
[EventDate "2019.08.02"]

1. e4 c5 2. Nf3 Nc6 3. Bb5 e6 4. Nc3 Nge7 5. d3 a6 6. Bxc6 Nxc6 7. Bg5 f6 8.
Bh4 Be7 9. O-O O-O 10. Nd2 b5 11. f4 d5 12. exd5 exd5 13. f5 Nd4 14. Bf2 Nxf5
15. Qf3 Be6 16. Rae1 Qd7 17. Qe2 Kf7 18. Qh5+ Kg8 19. Qe2 Kf7 20. Nf3 Rae8 21.
g4 Nh6 22. Bg3 Nf5 23. gxf5 Bxf5 24. Nh4 Bg4 25. Qe5 d4 26. Nd5 Bh3 27. Qh5+
Kg8 28. Nxe7+ Rxe7 29. Rxe7 Qxe7 30. Re1 Qf7 31. Qxc5 Re8 32. Rxe8+ Qxe8 33.
Qd5+ Kh8 34. Qxd4 h5 35. Qe4 1-0

[Event "Summer Prague Open 2019 - A"]
[Site "Olympik hotel, Sokolovska 138,"]
[Date "2019.08.09"]
[Round "9"]
[White "Levi, Netanel"]
[Black "Adrian, Claude"]
[Result "1/2-1/2"]
[WhiteElo "2143"]
[BlackElo "2258"]
[PlyCount "26"]
[EventDate "2019.08.02"]

1. e4 e6 2. d4 d5 3. Nd2 c5 4. Ngf3 Nc6 5. exd5 exd5 6. Bb5 Bd6 7. dxc5 Bxc5 8.
O-O Nge7 9. Nb3 Bb6 10. Re1 O-O 11. Be3 Bf5 12. c3 Be4 13. Ng5 Bxe3 1/2-1/2

[Event "Summer Prague Open 2019 - A"]
[Site "Olympik hotel, Sokolovska 138,"]
[Date "2019.08.09"]
[Round "9"]
[White "Slampa, Jan"]
[Black "Abrahams, Daniel"]
[Result "0-1"]
[WhiteElo "2245"]
[BlackElo "2173"]
[PlyCount "72"]
[EventDate "2019.08.02"]

1. d4 Nf6 2. c4 e6 3. Nc3 Bb4 4. Qc2 c5 5. dxc5 Qc7 6. a3 Bxc5 7. b4 Be7 8. Nb5
Qc6 9. Nf3 d6 10. Nfd4 Qd7 11. e4 a6 12. Nc3 b6 13. f4 Qc7 14. Bd3 Bb7 15. O-O
Nbd7 16. Bb2 Rc8 17. Rae1 b5 18. cxb5 Qb6 19. Na4 Rxc2 20. Nxb6 Rxb2 21. Nc4
Ra2 22. Bb1 Ra1 23. Nb3 Rxb1 24. Rxb1 axb5 25. Ncd2 Nxe4 26. Nxe4 Bxe4 27. Rbc1
Bd8 28. Rfe1 Bb6+ 29. Kh1 Bb7 30. h3 Ke7 31. Kh2 Ra8 32. Ra1 Bd5 33. Reb1 Rc8
34. Ra2 Rc3 35. Rab2 h5 36. Kh1 Rxh3# 0-1

[Event "Summer Prague Open 2019 - A"]
[Site "Olympik hotel, Sokolovska 138,"]
[Date "2019.08.09"]
[Round "9"]
[White "Kozak, Milos"]
[Black "Doric, Nenad"]
[Result "1/2-1/2"]
[WhiteElo "2105"]
[BlackElo "2275"]
[PlyCount "27"]
[EventDate "2019.08.02"]

1. d4 d5 2. c4 c6 3. Nf3 Nf6 4. e3 e6 5. b3 Nbd7 6. Bb2 Bd6 7. Bd3 b6 8. O-O
Bb7 9. Nc3 O-O 10. Qc2 h6 11. Rad1 Rc8 12. cxd5 exd5 13. Bf5 Re8 14. Ne5
1/2-1/2

[Event "Summer Prague Open 2019 - A"]
[Site "Olympik hotel, Sokolovska 138,"]
[Date "2019.08.09"]
[Round "9"]
[White "Dushyant, Sharma"]
[Black "Yakimenko, Alexander A"]
[Result "1-0"]
[WhiteElo "2228"]
[BlackElo "2100"]
[PlyCount "109"]
[EventDate "2019.08.02"]

1. e4 e5 2. Nf3 Nc6 3. Nc3 Nf6 4. Bb5 d6 5. d4 Bd7 6. O-O Be7 7. h3 O-O 8. Be2
Re8 9. dxe5 Nxe5 10. Nd2 Bc6 11. f4 Ng6 12. Bd3 Bf8 13. a3 Qd7 14. b4 a6 15.
Bb2 Rad8 16. Kh2 Qc8 17. Qf3 d5 18. e5 d4 19. Nce4 Nd5 20. g3 Ne3 21. Rf2 Be7
22. Qh5 Bb5 23. Bxb5 axb5 24. Nf3 d3 25. cxd3 Rxd3 26. e6 f6 27. f5 Nf8 28.
Qf7+ Kh8 29. Nxf6 Bxf6 30. Bxf6 gxf6 31. Qxf6+ Kg8 32. Qg5+ Ng6 33. fxg6 Qxe6
34. gxh7+ Kh8 35. Ne5 Rd5 36. Qxe3 Rxe5 37. Qd4 Kxh7 38. Raf1 Re2 39. Qd3+ Kg7
40. Qxb5 Qe4 41. Qg5+ Kh7 42. Qh5+ Kg7 43. Qf7+ Kh8 44. Qf6+ Kh7 45. Rxe2 Qxe2+
46. Rf2 Qe3 47. Qf7+ Kh8 48. Qh5+ Kg8 49. Qf7+ Kh8 50. h4 Re7 51. Qf8+ Kh7 52.
Rf7+ Rxf7 53. Qxf7+ Kh8 54. Qh5+ Kg7 55. Qg5+ 1-0

[Event "Summer Prague Open 2019 - A"]
[Site "Olympik hotel, Sokolovska 138,"]
[Date "2019.08.09"]
[Round "9"]
[White "Jayaram, Ramanna"]
[Black "Molkanov, Oleg"]
[Result "1-0"]
[WhiteElo "2056"]
[BlackElo "2185"]
[PlyCount "103"]
[EventDate "2019.08.02"]

1. d4 f5 2. Nf3 Nf6 3. g3 g6 4. Bg2 Bg7 5. O-O O-O 6. b3 c5 7. e3 Nc6 8. Bb2
Ne4 9. c4 cxd4 10. exd4 d5 11. cxd5 Nb4 12. Re1 Nxd5 13. Nbd2 Nef6 14. Nc4 b5
15. Nce5 Qb6 16. Rc1 Bb7 17. Nd3 Bh6 18. Rc2 Ne4 19. Nfe5 Rad8 20. a3 Ndf6 21.
f3 Ng5 22. Nc5 Bd5 23. Rce2 Rd6 24. Bc1 Kg7 25. Bxg5 Bxg5 26. f4 Bh6 27. Bxd5
Nxd5 28. Ned7 Qc6 29. Nxf8 Kxf8 30. Qd2 Kf7 31. Re6 Bg7 32. Rxd6 exd6 33. Ne6
Bf6 34. Rc1 Qb6 35. Ng5+ Kg7 36. Nf3 Qb7 37. Kf2 Bd8 38. Qc2 Nf6 39. Qc6 Ng4+
40. Kg1 Qf7 41. Qxb5 Bb6 42. Re1 Qb7 43. Qe2 Kh6 44. Kg2 Bxd4 45. Qe7 Qc6 46.
Qh4+ Kg7 47. Re7+ Kf8 48. Qxh7 Qc2+ 49. Kh3 Nf2+ 50. Kh4 Bf6+ 51. Ng5 Bxg5+ 52.
fxg5 1-0

[Event "Summer Prague Open 2019 - B"]
[Site "Olympik hotel, Sokolovska 138,"]
[Date "2019.08.09"]
[Round "9"]
[White "Atnilov, Boris"]
[Black "Vora, Tanish"]
[Result "1/2-1/2"]
[WhiteElo "2053"]
[BlackElo "1799"]
[PlyCount "46"]
[EventDate "2019.08.02"]

1. e4 e6 2. d4 d5 3. exd5 exd5 4. Bd3 Bd6 5. Nf3 Nf6 6. O-O O-O 7. Bg5 Bg4 8.
Nbd2 Nbd7 9. c3 c6 10. Re1 Qc7 11. Qc2 Rae8 12. h3 Be6 13. Bf5 h6 14. Bxe6 Rxe6
15. Rxe6 fxe6 16. Be3 e5 17. Qg6 exd4 18. cxd4 Bf4 19. Bxf4 Qxf4 20. g3 Qd6 21.
Nh4 Ne8 22. Re1 Qf6 23. Qxf6 Nexf6 1/2-1/2

[Event "Summer Prague Open 2019 - B"]
[Site "Olympik hotel, Sokolovska 138,"]
[Date "2019.08.09"]
[Round "9"]
[White "Korenek, Frantisek"]
[Black "Soural, Karel"]
[Result "1-0"]
[WhiteElo "1956"]
[BlackElo "1923"]
[PlyCount "41"]
[EventDate "2019.08.02"]

1. c4 c5 2. Nc3 Nc6 3. g3 Nf6 4. Bg2 e5 5. d3 d6 6. Nf3 Be7 7. O-O O-O 8. a3 h6
9. Rb1 a5 10. Ne1 Be6 11. e4 Nd4 12. h3 Qd7 13. Kh2 b5 14. Nd5 Bxd5 15. cxd5 a4
16. Nf3 Ne8 17. Nxd4 cxd4 18. h4 Qb7 19. Bd2 Nc7 20. Qg4 Kh7 21. Qd7 1-0

[Event "Summer Prague Open 2019 - B"]
[Site "Olympik hotel, Sokolovska 138,"]
[Date "2019.08.09"]
[Round "9"]
[White "Lee, Zhia Chen Zachary"]
[Black "Svetly, Jiri"]
[Result "1-0"]
[WhiteElo "1747"]
[BlackElo "1871"]
[PlyCount "75"]
[EventDate "2019.08.02"]

1. c4 Nf6 2. Nc3 e5 3. Nf3 Nc6 4. g3 Bb4 5. Nd5 Bc5 6. d3 h6 7. Bg2 d6 8. O-O
Nxd5 9. cxd5 Ne7 10. d4 exd4 11. Nxd4 Bg4 12. h3 Bh5 13. b4 Bb6 14. Bb2 O-O 15.
Qd2 g5 16. g4 Bg6 17. h4 Qd7 18. Qc3 f6 19. Ne6 gxh4 20. Qh3 Kh7 21. Qxh4 Ng8
22. g5 Rae8 23. Nxf8+ Rxf8 24. gxf6 Qf5 25. e4 Qg5 26. Qxg5 hxg5 27. a4 a6 28.
a5 Ba7 29. Rac1 Rf7 30. e5 dxe5 31. Bxe5 g4 32. Rxc7 Rxc7 33. Bxc7 Nxf6 34. Bb6
Bb8 35. Re1 Bd6 36. Bc5 Ne8 37. Bxd6 Nxd6 38. Re7+ 1-0

[Event "Summer Prague Open 2019 - B"]
[Site "Olympik hotel, Sokolovska 138,"]
[Date "2019.08.09"]
[Round "9"]
[White "Grabarczyk, Sylwester"]
[Black "Stern, Philipp"]
[Result "0-1"]
[WhiteElo "1784"]
[BlackElo "1853"]
[PlyCount "64"]
[EventDate "2019.08.02"]

1. e4 c5 2. Nc3 e6 3. a4 Nc6 4. f4 d5 5. e5 Nge7 6. Nf3 Nf5 7. Be2 Be7 8. O-O
O-O 9. g4 Nfd4 10. Nb5 Nxe2+ 11. Qxe2 a6 12. Na3 f5 13. g5 b6 14. c3 d4 15. d3
Bb7 16. c4 Qd7 17. b3 Na7 18. Bd2 Qc6 19. h4 b5 20. h5 bxa4 21. bxa4 Rab8 22.
Qh2 Ba8 23. Nh4 Rb2 24. Rf2 Rfb8 25. Ng6 Bf8 26. Nxf8 Kxf8 27. a5 R8b3 28. g6
h6 29. Bc1 Rxf2 30. Kxf2 Qf3+ 31. Ke1 Rxd3 32. Bd2 Rxa3 0-1

[Event "Summer Prague Open 2019 - B"]
[Site "Olympik hotel, Sokolovska 138,"]
[Date "2019.08.09"]
[Round "9"]
[White "Angelovic, Adrian"]
[Black "Aure, Anders Nilsson"]
[Result "1/2-1/2"]
[WhiteElo "1841"]
[BlackElo "1742"]
[PlyCount "53"]
[EventDate "2019.08.02"]

1. c4 e5 2. Nc3 Nc6 3. g3 f5 4. Bg2 Nf6 5. e3 Bb4 6. Nge2 O-O 7. O-O d6 8. a3
Bxc3 9. Nxc3 Qe8 10. d4 Qh5 11. b4 f4 12. Qxh5 Nxh5 13. d5 f3 14. Bxf3 Rxf3 15.
Kg2 Rf7 16. dxc6 bxc6 17. Rd1 a5 18. Bd2 axb4 19. axb4 Rxa1 20. Rxa1 Be6 21.
Ra8+ Rf8 22. Rxf8+ Kxf8 23. c5 Nf6 24. f4 exf4 25. gxf4 Ke7 26. h3 Nd5 27.
Nxd5+ 1/2-1/2

[Event "Summer Prague Open 2019 - B"]
[Site "Olympik hotel, Sokolovska 138,"]
[Date "2019.08.09"]
[Round "9"]
[White "Jaeger, Andre"]
[Black "Bruna, Matous"]
[Result "1-0"]
[WhiteElo "1897"]
[BlackElo "1640"]
[PlyCount "65"]
[EventDate "2019.08.02"]

1. d4 d5 2. c4 c6 3. cxd5 cxd5 4. Nc3 Nc6 5. Bf4 Nf6 6. e3 a6 7. Bd3 e6 8. h3
Bd6 9. Bxd6 Qxd6 10. f4 b5 11. Nf3 Bb7 12. O-O h6 13. Ne5 Na5 14. Qf3 Rc8 15.
Rf2 O-O 16. g4 b4 17. g5 hxg5 18. fxg5 Ne4 19. Nxe4 dxe4 20. Bxe4 Bxe4 21. Qxe4
Nc4 22. Raf1 Nxe5 23. dxe5 Qe7 24. h4 Rc7 25. g6 f5 26. exf6 gxf6 27. h5 Rc5
28. h6 Rg5+ 29. Rg2 f5 30. h7+ Kg7 31. Qe5+ Kxg6 32. h8=Q Rxh8 33. Qxh8 1-0

[Event "Summer Prague Open 2019 - B"]
[Site "Olympik hotel, Sokolovska 138,"]
[Date "2019.08.09"]
[Round "9"]
[White "Lang, Anders"]
[Black "Antia, Sopia"]
[Result "0-1"]
[WhiteElo "1790"]
[BlackElo "1562"]
[PlyCount "90"]
[EventDate "2019.08.02"]

1. e4 c5 2. c3 Nf6 3. e5 Nd5 4. Nf3 Nc6 5. d4 cxd4 6. cxd4 e6 7. Bc4 d6 8. Bxd5
exd5 9. exd6 Bxd6 10. h3 O-O 11. O-O Re8 12. Nc3 Bb4 13. Bd2 Bf5 14. Qb3 Bxc3
15. Bxc3 Bd3 16. Rfe1 Be2 17. Qxb7 Rc8 18. Ne5 Nxe5 19. dxe5 Re7 20. Qb4 Bc4
21. Bd4 Qe8 22. Rac1 Rb8 23. Qa3 Re6 24. b3 Ra6 25. Qb2 Bd3 26. Rc7 Rg6 27. Qc3
Be4 28. g3 Qe6 29. Rc1 Bf5 30. h4 Rg4 31. Bxa7 Re8 32. Rc6 Qd7 33. Kf1 Qxa7 34.
Rc8 Qa6+ 35. Rc4 dxc4 36. Kg2 cxb3 37. Qxb3 Be6 38. Qb2 Rc4 39. Rd1 Qc6+ 40.
Kg1 Bh3 41. f3 Rc2 42. Qb3 Rg2+ 43. Kh1 Rxg3 44. Rd3 Bg2+ 45. Kh2 Rxf3 0-1

[Event "Summer Prague Open 2019 - B"]
[Site "Olympik hotel, Sokolovska 138,"]
[Date "2019.08.09"]
[Round "9"]
[White "Dharani, Srinivas K B"]
[Black "Vora, Yash"]
[Result "1/2-1/2"]
[WhiteElo "1690"]
[BlackElo "1731"]
[PlyCount "46"]
[EventDate "2019.08.02"]

1. c4 e6 2. Nf3 Nf6 3. g3 d5 4. d4 c6 5. Qc2 Nbd7 6. Bg2 b6 7. O-O Be7 8. Nbd2
O-O 9. Rd1 Bb7 10. e4 dxe4 11. Nxe4 Nxe4 12. Qxe4 Nf6 13. Qe2 Qc8 14. Ne5 Nd7
15. Nxd7 Qxd7 16. Bf4 Rfd8 17. Rac1 Qe8 18. a3 Rd7 19. Rd2 Rad8 20. Rcd1 Bf6
21. Be5 Bg5 22. Bf4 Bxf4 23. gxf4 c5 1/2-1/2